000 00873nam a2200253Ia 4500
003 OSt
005 20220925203417.0
006 a|||||r|||| 00| 0
007 ta
008 220923b |||||||| |||| 00| 0 eng d
020 _a9780822345398
_c1183.6800000000001
037 _bRKBA\ 09-10\ 4682, 12/07/2012, RAJKIRAN BOOK AGENCY
_cGeneral Book
040 _aRTL
_cRTL
_beng
041 _2eng
_aeng
082 _aX9(J):(Z).7918, Q0
100 _aWOLFORD Wendy
_9265898
245 0 _aLand is ours now
_b Social mobilization and the meanings of land in Brazil
260 _aDurham
_bDuke University Press
_c2010
300 _axii, 281p
_ccm.
500 _aBibliography: P.245-74
650 _aSociology
942 _hX9(J):(Z).7918, Q0
_cGB
_2CC
999 _c546303
_d546303